| 000 | 01155nam a2200337Ia 4500 | ||
|---|---|---|---|
| 001 | Para_5065 | ||
| 003 | CHAP | ||
| 008 | 220125s1996 xx 000 0 und d | ||
| 010 | _a203364 | ||
| 040 | _cCHAP | ||
| 082 | _aPA 632.9 I5 1994 | ||
| 110 |
_aINIFAP. México. Centro de Investigación Regional del Noroeste _958794 |
||
| 245 |
_aMosquita blanca en el Noroeste de México. 1994 / _c por INIFAP. Centro de Investigación Regional del Noroeste |
||
| 260 |
_aCd. Obregón, Son : _b INIFAP. Centro de Investigación Regional del Noroeste |
||
| 300 | _a77 h. | ||
| 440 |
_aMemoria científica; 2 _9169120 |
||
| 650 |
_aBemisia _9165094 |
||
| 650 |
_aBemisia argentifolii _911495 |
||
| 650 |
_aBemisia tabaci _911496 |
||
| 650 |
_aControl biológico de insectos _927582 |
||
| 650 |
_aInsecticidas _x efecto en plantas _958871 |
||
| 650 |
_aInsectos _x resistencia a insecticidas _958941 |
||
| 650 |
_aManejo integrado de plagas _970365 |
||
| 901 | _aPA 632.9 I5 1994 | ||
| 902 | _aA | ||
| 905 | _a0000001996 WOO 0000000000 00 | ||
| 910 | _a1996 | ||
| 942 | _cPARA | ||
| 942 |
_cPARA _d1 |
||
| 999 |
_c203364 _d203364 |
||